Conquistadores en el Nuevo Mundo
Guardat en:
| Autors principals: | , |
|---|---|
| Format: | Llibre |
| Idioma: | espanyol |
| Publicat: |
Medellín
Tragaluz
2013
|
| Edició: | 1a. ed |
| Matèries: | |
| Etiquetes: |
Afegir etiqueta
Sense etiquetes, Sigues el primer a etiquetar aquest registre!
|
MARC
| LEADER | 00000cam a2200000 a 4500 | ||
|---|---|---|---|
| 001 | UCE9290 | ||
| 003 | CL-VaPUC | ||
| 008 | 151016e20130000ck |||||||||||||||||spa|d | ||
| 020 | |a 9789588562889 | ||
| 082 | 0 | 4 | |a 980.013 |b TOR |2 21 |
| 100 | 0 | |a Toro, Grassa |e author |9 582096 | |
| 700 | 0 | |a Carrió, Pep |e author |9 582097 | |
| 245 | 1 | 0 | |a Conquistadores en el Nuevo Mundo |
| 250 | |a 1a. ed | ||
| 300 | |a 52 p | ||
| 942 | |c BK | ||
| 945 | |d 20151016 11:50:00 |a dcastane | ||
| 260 | |a Medellín |b Tragaluz |c 2013 | ||
| 650 | 0 | |a Historia de América |9 266076 | |
| 650 | 0 | |a Descubrimiento y Conquista de América |9 446281 | |
| 650 | 7 | |a CONQUISTADORES |2 CL-VaPUC |9 582098 | |
| 583 | |a last modification |c 20151016 11:50:00 |k Rodrigo Vera | ||
| 999 | |c 360959 |d 360957 | ||